U.S. State Mottos Quiz - Statistics

General Stats
  • This quiz has been taken 34 times
    31 since last reset
  • The average score is 13 of 50
Answer Stats
Hint Answer % Correct
New Hampshire Live Free or Die
58%
Rhode Island Hope
50%
Washington By and by
42%
Nebraska Equality before the law
42%
Texas Friendship
42%
Utah Industry
42%
West Virginia Mountaineers are always free
42%
Virginia Thus always to tyrants
42%
Kansas To the stars through difficulties
42%
New York Ever upward
33%
Montana Gold and silver
33%
Michigan If you seek a pleasant peninsula, look about you
33%
California I have found it
33%
Maine I lead
33%
Florida In God We Trust
33%
Alaska North to the Future
33%
Minnesota The star of the North
33%
Alabama We dare defend our rights
33%
Tennessee Agriculture and commerce
25%
Nevada All For Our Country
25%
Wyoming Equal Rights
25%
Arizona God enriches
25%
Idaho Let it be perpetual
25%
Delaware Liberty and Independence
25%
New Jersey Liberty and prosperity
25%
Iowa Our liberties we prize and our rights we will maintain
25%
Arkansas The people rule
25%
North Carolina To be, rather than to seem
25%
South Dakota Under God the people rule
25%
Kentucky United we stand, divided we fall / Let us be grateful to God
25%
Massachusetts By the sword we seek peace, but peace only under liberty
17%
Mississippi By valor and arms
17%
Wisconsin Forward
17%
Connecticut He who transplanted still sustains
17%
New Mexico It grows as it goes
17%
Missouri Let the welfare of the people be the supreme law
17%
Colorado Nothing without providence
17%
Oregon She flies with her own wings
17%
Illinois State sovereignty, national union
17%
Maryland Strong deeds, gentle words
17%
Indiana The Crossroads of America
17%
Hawaii The life / sovereignty of the land is perpetuated in righteousness
17%
Louisiana Union, justice, confidence
17%
Pennsylvania Virtue, liberty, and independence
17%
South Carolina While I breath, I hope / Ready in soul and resource
17%
Georgia Wisdom, Justice, Moderation
17%
Vermont Freedom and Unity / May the fourteenth star shine bright
8%
Oklahoma Labor conquers all things
8%
North Dakota Liberty and union, now and forever, one and inseparable / One sows for the benefit of another age
8%
Ohio With God, all things are possible
8%
No matching quizzes found
Score Distribution
Percent of People with Each Score
Percentile by Number Answered
Your Score History
You have not taken this quiz since the last reset